| 000 | 00602cam a2200217ua 4500 | ||
|---|---|---|---|
| 001 | 11249 | ||
| 005 | 20260515114729.0 | ||
| 008 | 190913n ii |||gr||||Z||||||asm | ||
| 020 | _a9788190898867 | ||
| 040 | _cMAIN | ||
| 082 | _a920 | ||
| 100 |
_aParamhansa Yogananda, _eAuthor., |
||
| 245 |
_aAgaraki yogir atmajivani _cBy Paramhansa Yogananda |
||
| 250 | _a1st ed. | ||
| 260 |
_aGuwahati: _bBhabani Publisher, _c2017. |
||
| 300 | _a679p. | ||
| 653 | _aBiography, genealogy & insignia | ||
| 653 | _aAutobiography of paramhansa Yogananda | ||
| 700 |
_aAnjan Sarma., _eTranslator., |
||
| 942 | _cBK | ||
| 999 |
_c10100 _d10100 |
||